Normal view
MARC view
- Supervisor:Dr.Attya Bhatti
Entry Personal Name
001 - CONTROL NUMBER
- control field: 123912
003 - CONTROL NUMBER IDENTIFIER
- control field: NUST
005 - DATE AND TIME OF LATEST TRANSACTION
- control field: 20240628162116.0
008 - FIXED-LENGTH DATA ELEMENTS
- fixed length control field: 240628|| aca||aabn | a|a d
040 ## - CATALOGING SOURCE
- Original cataloging agency: NUST
- Transcribing agency: NUST
100 ## - HEADING--PERSONAL NAME
- Personal name: Supervisor:Dr.Attya Bhatti
670 ## - SOURCE DATA FOUND
- Source citation: Work cat.: (NUST): Cheema Asma Naseer 123911, Screening of Candidate Coronary Artery Disease Genes in Pakistani Population/
